000 00653nam a22002297a 4500
003 UA-OsUOA
001 70830
007 ta
008 20100920b un ||||| |||| 00| 0 ukr d
090 _a94(477-25)
_bВ39
942 _cBK
040 _aUA-OsUOA
_bukr
_cUA-OsUOA
_dUA-OsUOA
245 _aВетеранські організації міста-героя Києва
_cгол. ред. кол. Бідний В. Г.
300 _a420 с.
955 _a3
041 _aukr
080 _a94(477-25)
020 _a966-7115-51-8
260 _aК.
_c2003
650 7 _a9 Географія. Біографії. Історія
_2UDC
999 _c357103
_d357103